书目信息 |
| 题名: |
超声成像算法导论
|
|
| 作者: | 彭虎 编著 | |
| 分册: | ||
| 出版信息: | 合肥 中国科学技术大学出版社 2008.10 |
|
| 页数: | 167页 | |
| 开本: | 23cm | |
| 丛书名: | ||
| 单 册: | ||
| 中图分类: | O426.2 | |
| 科图分类: | ||
| 主题词: | 超声成像--chao sheng cheng xiang--算法--高等学校--教材 | |
| 电子资源: | ||
| ISBN: | 978-7-312-02172-5 | |
| 000 | 01006nam0 2200253 450 | |
| 001 | 012009440917 | |
| 005 | 20090808184507.28 | |
| 010 | @a978-7-312-02172-5@dCNY20.00 | |
| 100 | @a20090808d2008 em y0chiy0120 ea | |
| 101 | 0 | @achi |
| 102 | @aCN@b340000 | |
| 105 | @aa a 000yy | |
| 106 | @ar | |
| 200 | 1 | @a超声成像算法导论@Achao sheng cheng xiang suan fa dao lun@f彭虎编著@Fpeng hu bian zhu |
| 210 | @a合肥@c中国科学技术大学出版社@d2008.10 | |
| 215 | @a167页@c图@d23cm | |
| 300 | @a“十一五”国家重点图书中国科学技术大学精品教材 | |
| 320 | @a有书目 (第163-167页) | |
| 330 | @a本书以数学物理方法和线性系统理论为基础,比较详细地介绍了超声成像原理和算法。全书分为四部分:第一部分是基础理论;第二部分是成像模型及算法实现;第三部分为合成孔径成像方法;第四部分介绍超声编码发射技术在成像系统中的应用。 | |
| 606 | 0 | @a超声成像@Achao sheng cheng xiang@x算法@x高等学校@j教材 |
| 690 | @aO426.2@v4 | |
| 701 | 0 | @a彭虎@Apeng hu@4编著 |
| 801 | 0 | @aCN@bQSSK@c20090808 |
| 905 | @b750672-74@dO426.2@eP488@f3 | |
| 超声成像算法导论/彭虎编著.-合肥:中国科学技术大学出版社,2008.10 |
| 167页:图;23cm |
| “十一五”国家重点图书中国科学技术大学精品教材 |
| ISBN 978-7-312-02172-5:CNY20.00 |
| 本书以数学物理方法和线性系统理论为基础,比较详细地介绍了超声成像原理和算法。全书分为四部分:第一部分是基础理论;第二部分是成像模型及算法实现;第三部分为合成孔径成像方法;第四部分介绍超声编码发射技术在成像系统中的应用。 |
| ● |
| 相关链接 |
|
|
|
正题名:超声成像算法导论
索取号:O426.2/P488
 
预约/预借
| 序号 | 登录号 | 条形码 | 馆藏地/架位号 | 状态 | 备注 |
| 1 | 750672 | 207506723 | 自科库401/401自科库 88排1列4层/ [索取号:O426.2/P488] | 在馆 | |
| 2 | 750673 | 207506732 | 自科库401/401自科库 88排1列4层/ [索取号:O426.2/P488] | 在馆 | |
| 3 | 750674 | 207506741 | 自科库401/401自科库 88排1列4层/ [索取号:O426.2/P488] | 在馆 |